Biología 2 /

Guardado en:
Autor Principal: Dios, Agustina de
Otros Autores: Florio, Alejandra, García Mauro, Ignacio, Ribas, Nancy, Stutman, Nora, Hurrel, Silvia
Formato: Libro
Publicado: Buenos Aires : Aique, 2010
Series:El mundo en tus manos
Materias:
Etiquetas: Agregar Etiqueta
Sin Etiquetas, Sea el primero en etiquetar este registro!
LEADER 01429nam a22003255a 4500
001 CEM.cems013450
005 20101215094653.0
008 130507s2010##################000#0#####d
003 CEMS
020 |a 9789870602927 
082 0 4 |a Z574 
100 1 |a Dios, Agustina de 
245 1 0 |a Biología 2 /  |c Agustina de Dios ... [et Al.] 
260 |a Buenos Aires :  |b Aique,  |c 2010 
300 |a 256 p. 
490 0 |a El mundo en tus manos 
500 |a Para nivel Educación secundaria 
505 0 |a Las ciencias biológicas -- Evolución, origen y diversidad de las estructuras biológicas -- La evolución de la vida -- Los mecanismos de evolución -- La célula, origen, estructura y funciones -- El origen de la vida -- La estructura de la célula -- Los organismos pluricelulares -- La reproducción de los seres vivos -- Reproducción y evolución -- La reproducción humana -- Los mecanismos de la herencia -- La genética 
653 |a Ciencias naturales 
653 |a Biología 
653 |a Biología-educación secundaria 
653 |a Biología-2do. año 
700 1 |a Florio, Alejandra 
700 1 |a García Mauro, Ignacio 
700 1 |a Ribas, Nancy 
700 1 |a Stutman, Nora 
700 1 |a Hurrel, Silvia 
859 |a CEMS  |b BIB. CEMS - 11 de abril  |h Z574  |i D624  |p 26067.10  |t Ej.1 
859 |a CEMS  |b BIB. CEMS - 11 de abril  |h Z574  |i D624  |p 26193.11  |t Ej.2 
859 |a CEMS  |b BIB. CEMS - 11 de abril  |h Z574  |i D624  |p 26989.14  |t Ej.3